Trespassers must shoulder the blame (Record no. 77360)

MARC details
000 -LEADER
fixed length control field 01384cab a2200241 4500
001 - CONTROL NUMBER
control field ##L134078
008 - FIXED-LENGTH DATA ELEMENTS--GENERAL INFORMATION
fixed length control field 060707n2006 000 0 eng u
035 ## - SYSTEM CONTROL NUMBER
System control number (Sirsi) u134078
041 0# - LANGUAGE CODE
Language code of text/sound track or separate title eng
100 1# - MAIN ENTRY--PERSONAL NAME
Personal name Murdoch, John
245 00 - TITLE STATEMENT
Title Trespassers must shoulder the blame
260 ## - PUBLICATION, DISTRIBUTION, ETC.
Date of publication, distribution, etc. 2006
490 #0 - SERIES STATEMENT
Series statement Estates Gazette
Volume/sequential designation (0626) 1 July 2006, 153(1)
520 ## - SUMMARY, ETC.
Summary, etc. Looks at the current legal situation regarding liability for injured trespassers, concluding that occupiers are liable only if there is a danger arising from the state of premises and they are aware of both the danger and the trespass. Reviews recent cases pertaining to the Occupiers' Liability Act 1984. Refers to "Tomlinson v Congleton BC" ([2003] UKHL 47, Abs67008); "Maloney v Torfaen County BC" ([2005] EWCA Civ 1762), where a man took a shortcut home and fell from a sloping grass bank onto concrete; and "Keown v Coventry Healthcare NHS Trust" ([2006] EWCA Civ 39) where a child fell while climbing up the underside of a fire escape on hospital grounds.
590 ## - LOCAL NOTE (RLIN)
Local note IKA180706
650 24 - SUBJECT ADDED ENTRY--TOPICAL TERM
Topical term or geographic name entry element OCCUPIERS LIABILITY ACT 1984
650 24 - SUBJECT ADDED ENTRY--TOPICAL TERM
Topical term or geographic name entry element TOMLINSON V CONGLETON BC
650 24 - SUBJECT ADDED ENTRY--TOPICAL TERM
Topical term or geographic name entry element MALONEY V TORFAEN COUNTY BC
650 24 - SUBJECT ADDED ENTRY--TOPICAL TERM
Topical term or geographic name entry element KEOWN V COVENTRY HEALTHCARE NHS TRUST
651 #4 - SUBJECT ADDED ENTRY--GEOGRAPHIC NAME
Geographic name England and Wales
Chronological subdivision 1543-
690 ## - LOCAL SUBJECT ADDED ENTRY--TOPICAL TERM (OCLC, RLIN)
Topical term or geographic name as entry element MANAGEMENT-BUSINESS MANAGEMENT-PROFESSIONAL PRACTICE-DUTY OF CARE-LIABILITY
942 ## - ADDED ENTRY ELEMENTS (KOHA)
Suppress in OPAC 0
Holdings
Withdrawn status Lost status Source of classification or shelving scheme Damaged status Not for loan Home library Current library Shelving location Date acquired Total Checkouts Full call number Barcode Date last seen Copy number Price effective from Koha item type
    Dewey Decimal Classification     London London Journal article 07/07/2006   L134078 134078-1001 06/08/2019 1 06/08/2019 Journal article